000
00322nam a2200133Ia 4500
008
231017s9999 xx 000 0 und d
082
_a
387.7
082
_b
GOS
245
0
_a
Airport offsite passenger service facilities
245
0
_c
Virginia Research
260
_b
Virginia Research
300
_c
30cm
942
_c
REP
999
_c
605288
_d
605288